000 00859nam a2200241 a 4500
001 13301
003 BD-JhCC
005 20230811084019.0
008 230811b2017 b |||| ||a| 000 0 b d
020 _a98470342461
035 _a(BD-JhCC)13301
040 _aBD-JhCC
_dBD-JhCC
041 _abengali
082 _a 823.8
_bDIC 2017
100 _aডিকেন্স,চার্লস
245 _aডেভিড কপারফিল্ড /
_cচার্লস ডিকেন্স, অনু: মোহাম্মদ রহমতউল্লাহ।
260 _aঢাকা:
_bঅবধূত বইঘর;
_c2017.
300 _a103 p. :
_c22 cm.
650 _aEngland
_vYoung men
_xChild labor
_yManners and customs
_zEngland--London
700 _a রহমতউল্লাহ,মোহাম্মদ
942 _2ddc
_cBK
999 _c13301
_d13301